000 00682nam a2200217 i 4500
001 bgj
100 1 _aHUME, Ruth
_d(1922- )
245 1 0 _aThe Lion of Poland :
_bthe story of Paderewski /
_cby Ruth and Paul Hume ; illustrated by Lili Rethi.
260 _aNew York :
_bHawthorn Books, Inc.,
_cc. 1962.
300 _a192 pp :
_bill., map ;
_c22 cm.
504 _aBibliography p. 187.
505 _aIncludes index.
600 1 9 _aPaderewski, Ignace, Jan, 1860-1941
655 _aJuvenile literature
700 1 _aHUME, Paul
_d(1915- ).
_eco-author
700 1 _aRETHI, Lili.
_eill.
040 _cBPK
041 0 _aeng
942 _cKS
008 s uk f |000 0 eng
999 _c47798
_d47798
856 _uhttp://koha.tu.koszalin.pl/cgi-bin/koha/opac-detail.pl?biblionumber=47798
_yKatalog online BPK